Welcome to the Holygrace Academy Library

Please use search bar below to get started

HOW TO WIN FRIENDS AND INFLUENCE PEOPLE (Record no. 5208)

MARC details
000 -LEADER
fixed length control field 00332nam a22001337a 4500
020 ## - INTERNATIONAL STANDARD BOOK NUMBER
ISBN 978-81-8363-129-7
082 ## - DEWEY DECIMAL CLASSIFICATION NUMBER
Classification number 158
Item number CAR/H
100 ## - MAIN ENTRY--AUTHOR NAME
Personal name CARNEGIE,DALE
245 ## - TITLE STATEMENT
Title HOW TO WIN FRIENDS AND INFLUENCE PEOPLE
260 ## - PUBLICATION, DISTRIBUTION, ETC. (IMPRINT)
Place of publication NEW DELHI
Name of publisher ADARSH BOOKS
300 ## - PHYSICAL DESCRIPTION
Number of Pages 238
650 ## - SUBJECT ADDED ENTRY--TOPICAL TERM
Topical Term PERSONALITY DVELOPMENT
Geographic subdivision NEW DELHI
942 ## - ADDED ENTRY ELEMENTS (KOHA)
Koha item type Books
Holdings
Withdrawn status Lost status Collection code Home library Current library Shelving location Date acquired Source of acquisition Full call number Accession Number Koha item type
    Reference Main Library Main Library SHELF-17G-PERSONALITY DEVELOPMENT BOOKS 25/01/2019 PURCHASE 158 CAR/H 10664 Books